Alternatívne pohľady na proces reálnej konvergencie

Popis možných alternatívnych prístupov k vyjadreniu a hodnoteniu stupňa, resp. procesu konvergencie. Prvým z takýchto prístupov je reálny hrubý domáci dôchodok (RHDD), ktorý vypovedá tiež o zahraničnoobchodných vzťahoch. Druhým popisovaným prístupom je ukazovateľ celkových domácich výdavkov (GDR), k...

Full description

Saved in:
Bibliographic Details
Main Author: Rybáček, Václav
Other Authors: Peter, Radoslav
Format: Book Chapter
Language:Slovak
Subjects:
Tags: Add Tag
No Tags, Be the first to tag this record!

MARC

LEADER 00000nla$a2200000$$$4500
001 0076249
005 20221128083519.0
041 0 |a slo 
044 |a SK 
245 1 0 |a Alternatívne pohľady na proces reálnej konvergencie  |c Václav Rybáček, Radoslav Peter 
520 |a Popis možných alternatívnych prístupov k vyjadreniu a hodnoteniu stupňa, resp. procesu konvergencie. Prvým z takýchto prístupov je reálny hrubý domáci dôchodok (RHDD), ktorý vypovedá tiež o zahraničnoobchodných vzťahoch. Druhým popisovaným prístupom je ukazovateľ celkových domácich výdavkov (GDR), ktorý rozdelením na celkové investičné a spotrebné výdaje výstižnejšie popisuje hospodársky cyklus. 
610 2 0 |a konvergencia 
610 2 0 |a tempo rastu hospodárskeho 
610 2 0 |a produkt domáci hrubý 
610 2 0 |a parita sily kúpnej 
610 2 0 |a cykly hospodárske 
100 1 |a Rybáček, Václav 
700 1 |a Peter, Radoslav